Jak se rodila, kam směrovala a proč byla potlačena tzv. Šikova reforma (vzpomínky novináře a ekonoma)
Druhý pokus o reformu modelu mechanizmu fungovania zoštátnenej, centrálne plánovanej ekonomiky.Tento systém pôsobil v Československu od roku 1953. Reforma je spájaná s menom O. Šika, riaditeľa Ekonomického ústavu ČSAV. Informácia o projektoch ďalšieho predpokladaného postupu pri prechode od centrál...
Salvato in:
| Autore principale: | |
|---|---|
| Natura: | Capitolo di libro |
| Lingua: | ceco |
| Soggetti: | |
| Tags: |
Nessun Tag, puoi essere il primo ad aggiungerne!!
|
MARC
| LEADER | 00000naa$a2200000$$$4500 | ||
|---|---|---|---|
| 001 | 0072281 | ||
| 005 | 20231116104326.1 | ||
| 041 | 0 | |a cze | |
| 044 | |a CZ | ||
| 245 | 1 | 0 | |a Jak se rodila, kam směrovala a proč byla potlačena tzv. Šikova reforma |b (vzpomínky novináře a ekonoma) |c Zdislav Šulc |
| 520 | |a Druhý pokus o reformu modelu mechanizmu fungovania zoštátnenej, centrálne plánovanej ekonomiky.Tento systém pôsobil v Československu od roku 1953. Reforma je spájaná s menom O. Šika, riaditeľa Ekonomického ústavu ČSAV. Informácia o projektoch ďalšieho predpokladaného postupu pri prechode od centrálne plánovanej ekonomiky k peňažno-trhovej. Ich realizáciu zastavila invázia vojsk Varšavskej zmluvy. | ||
| 610 | 2 | 0 | |a reformy hospodárske |
| 610 | 2 | 0 | |a hospodárstvo trhové |
| 610 | 2 | 0 | |a Šik, O. |
| 610 | 2 | 0 | |a socializmus |
| 610 | 2 | 0 | |a hospodárstvo socialistické |
| 610 | 2 | 0 | |a Slovensko |
| 610 | 2 | 0 | |a Česko |
| 100 | 1 | |a Šulc, Zdislav | |